<?xml version="1.0" encoding="UTF-8"?>
<record
    xmlns:xsi="http://www.w3.org/2001/XMLSchema-instance"
    xsi:schemaLocation="http://www.loc.gov/MARC21/slim http://www.loc.gov/standards/marcxml/schema/MARC21slim.xsd"
    xmlns="http://www.loc.gov/MARC21/slim">

  <leader>01852    a2200217   4500</leader>
  <controlfield tag="001">33867</controlfield>
  <controlfield tag="005">20260407155629.0</controlfield>
  <controlfield tag="008">260407a2001    arg                 spa d</controlfield>
  <controlfield tag="003">AR-UNSa-BCEJYS</controlfield>
  <datafield tag="040" ind1=" " ind2=" ">
    <subfield code="a">AR-UNSa-BCEJYS</subfield>
    <subfield code="b">spa</subfield>
    <subfield code="c">AR-UNSa-BCEJYS</subfield>
  </datafield>
  <datafield tag="080" ind1=" " ind2=" ">
    <subfield code="a">658.011.56</subfield>
    <subfield code="x">Automatizaci&#xF3;n</subfield>
  </datafield>
  <datafield tag="245" ind1="1" ind2="0">
    <subfield code="a">Sistemas de informaci&#xF3;n para la gesti&#xF3;n empresaria</subfield>
    <subfield code="p">planeamiento, tecnolog&#xED;a y calidad</subfield>
  </datafield>
  <datafield tag="264" ind1=" " ind2="1">
    <subfield code="a">Buenos Aires :</subfield>
    <subfield code="b">Pearson Educaci&#xF3;n</subfield>
    <subfield code="c">2001</subfield>
  </datafield>
  <datafield tag="300" ind1=" " ind2=" ">
    <subfield code="a">xv, 525 p.</subfield>
    <subfield code="c">26 cm.</subfield>
  </datafield>
  <datafield tag="505" ind1=" " ind2=" ">
    <subfield code="a">I: Planeamiento y estructura: 1. Planeamiento estrat&#xE9;gico de sistemas de informaci&#xF3;n - 2. Estructura organizativa y sistemas de informaci&#xF3;n - 3. Dise&#xF1;o de estructuras y procesos a trv&#xE9;s de software - II: Nuevas tecnolog&#xED;as para la gesti&#xF3;n empresaria: 4. T&#xE9;cnicas modernas de gesti&#xF3;n de negocios - 5. Eapas en el desarrollo de tecnolog&#xED;a inform&#xE1;tica - 6. Megatendencias en tecnolog&#xED;a inform&#xE1;tica - 7. Arquitectura cliente/servidor - 8. Reingenier&#xED;a de procesos de negocios - 9. Internet - 10. Intranet-extranet - 11. Intercambio elect&#xF3;nico de datos - 12. Aplicaci&#xF3;n de c&#xF3;digos de barras - 13. Transferencias electr&#xF3;nica de fondos - 14. Comercio electr&#xF3;nico - 15. Dinero electr&#xF3;nico - 16. Procesamiento de im&#xE1;genes - 17. Formularios electr&#xF3;nicos - 18. Data Warehousing - 19. Benchmarkinng - 20. Sistemas satelitales de transmis&#xF3;n de datos - 21. El tele -empleo ( o trabajo a distancia) - 22. El tranajo en equipo - 23. Sistemas de informaci&#xF3;n integrados parqa la gesti&#xF3;n empresaria - 24. Las nuevas tecnolog&#xED;as y el orden jur&#xED;dico - III: Caidad Total : 25. Calidad total en los sistemas de infromaci&#xF3;n.</subfield>
  </datafield>
  <datafield tag="041" ind1=" " ind2=" ">
    <subfield code="a">spa</subfield>
  </datafield>
  <datafield tag="942" ind1=" " ind2=" ">
    <subfield code="c">BK</subfield>
  </datafield>
  <datafield tag="590" ind1=" " ind2=" ">
    <subfield code="a">niveau_biblio:m niveau_hierar:0</subfield>
  </datafield>
  <datafield tag="100" ind1="1" ind2=" ">
    <subfield code="a">Lardent, Alberto R.</subfield>
  </datafield>
  <datafield tag="856" ind1="4" ind2="1">
    <subfield code="u">https://www.biblioeco.unsa.edu.ar/pmb/images/libros/L87023.jpg</subfield>
    <subfield code="y">Imagen de portada</subfield>
    <subfield code="q">image/jpeg</subfield>
  </datafield>
  <datafield tag="999" ind1=" " ind2=" ">
    <subfield code="c">2399</subfield>
    <subfield code="d">2399</subfield>
  </datafield>
  <datafield tag="952" ind1=" " ind2=" ">
    <subfield code="0">0</subfield>
    <subfield code="1">0</subfield>
    <subfield code="4">0</subfield>
    <subfield code="7">0</subfield>
    <subfield code="a">BCEJYS</subfield>
    <subfield code="b">BCEJYS</subfield>
    <subfield code="c">16</subfield>
    <subfield code="d">2026-04-07</subfield>
    <subfield code="l">0</subfield>
    <subfield code="o">658.011.56 L321t</subfield>
    <subfield code="p">L86545</subfield>
    <subfield code="r">2026-04-07 15:56:29</subfield>
    <subfield code="w">2026-04-07</subfield>
    <subfield code="y">L</subfield>
  </datafield>
  <datafield tag="952" ind1=" " ind2=" ">
    <subfield code="0">0</subfield>
    <subfield code="1">0</subfield>
    <subfield code="4">0</subfield>
    <subfield code="7">0</subfield>
    <subfield code="a">BCEJYS</subfield>
    <subfield code="b">BCEJYS</subfield>
    <subfield code="c">16</subfield>
    <subfield code="d">2026-04-07</subfield>
    <subfield code="l">0</subfield>
    <subfield code="o">658.011.56 L321t</subfield>
    <subfield code="p">L86547</subfield>
    <subfield code="r">2026-04-07 15:56:29</subfield>
    <subfield code="w">2026-04-07</subfield>
    <subfield code="y">L</subfield>
  </datafield>
  <datafield tag="952" ind1=" " ind2=" ">
    <subfield code="0">0</subfield>
    <subfield code="1">0</subfield>
    <subfield code="4">0</subfield>
    <subfield code="7">0</subfield>
    <subfield code="a">BCEJYS</subfield>
    <subfield code="b">BCEJYS</subfield>
    <subfield code="c">16</subfield>
    <subfield code="d">2026-04-07</subfield>
    <subfield code="l">0</subfield>
    <subfield code="o">658.011.56 L321t</subfield>
    <subfield code="p">L87023</subfield>
    <subfield code="r">2026-04-07 15:56:29</subfield>
    <subfield code="w">2026-04-07</subfield>
    <subfield code="y">L</subfield>
  </datafield>
  <datafield tag="952" ind1=" " ind2=" ">
    <subfield code="0">0</subfield>
    <subfield code="1">0</subfield>
    <subfield code="4">0</subfield>
    <subfield code="7">0</subfield>
    <subfield code="a">BCEJYS</subfield>
    <subfield code="b">BCEJYS</subfield>
    <subfield code="c">16</subfield>
    <subfield code="d">2026-04-07</subfield>
    <subfield code="l">0</subfield>
    <subfield code="o">658.011.56 L321t</subfield>
    <subfield code="p">L87025</subfield>
    <subfield code="r">2026-04-07 15:56:29</subfield>
    <subfield code="w">2026-04-07</subfield>
    <subfield code="y">L</subfield>
  </datafield>
  <datafield tag="952" ind1=" " ind2=" ">
    <subfield code="0">0</subfield>
    <subfield code="1">0</subfield>
    <subfield code="4">0</subfield>
    <subfield code="7">0</subfield>
    <subfield code="a">BCEJYS</subfield>
    <subfield code="b">BCEJYS</subfield>
    <subfield code="c">16</subfield>
    <subfield code="d">2026-04-07</subfield>
    <subfield code="l">0</subfield>
    <subfield code="o">658.011.56 L321t</subfield>
    <subfield code="p">L86546</subfield>
    <subfield code="r">2026-04-07 15:56:29</subfield>
    <subfield code="w">2026-04-07</subfield>
    <subfield code="y">L</subfield>
  </datafield>
</record>
